000 00824nam a2200241 a 4500
001 000012809
005 20240530073915.0
008 091117s1973 dr 000 f spa d
040 _aDO-SdBNP
_bspa
_cBNPHU
082 _aRD863.44
_bM827j
100 1 _aMora Serrano, Manuel,
_c1933-
_d1933-
_95162
245 1 0 _aJuego de dominó /
_cManuel Mora Serrano.
260 _aSanto Domingo :
_bTaller,
_c1973.
300 _a64 p. ;
_c22 cm.
490 1 _aBiblioteca taller
_v21
500 _aIncluye datos biográficos del autor en la contracubierta
590 _aLa biblioteca posee 1 ejemplar autografiada por el autor.
590 _aInventariado, 2019/MFF
650 0 _aNovela dominicana
_9223
650 0 _aLiteratura dominicana.
_967
830 0 _aBiblioteca taller
_n21
_929617
910 _aValidado. Control de calidad MFF
999 _c12459
_d12459